Demi Lovato - Confident - Statistics

General Stats
  • This quiz has been taken 57 times
  • The average score is 236 of 306
Answer Stats
Lyric % Correct
confident?
100%
Confident
100%
I
100%
be
98%
What's
96%
(What's
96%
with
96%
wrong
96%
you
93%
being
91%
being)
91%
me
91%
Ha
87%
ha)
87%
I'm
87%
(Oh,
87%
to
87%
it
84%
the
82%
my
78%
But
76%
No,
76%
say
76%
So
76%
So,
76%
this
76%
for
73%
had
73%
It's
73%
it's
73%
mind
73%
out
73%
And
71%
boss
71%
is
71%
Is
71%
must
71%
That
71%
time
71%
yeah)
71%
(Yeah)
71%
yeah
71%
(Yeah,
71%
yeah,
71%
complicated
69%
go
69%
Not
69%
right
69%
take
69%
underrated
69%
now
67%
Now
67%
fake
64%
can
62%
'Cause
62%
gonna
60%
on
60%
run
58%
make
56%
rated
56%
show
56%
you've
56%
Are
53%
better
53%
can't
53%
come
53%
letting
53%
own
53%
play
53%
when
53%
back
51%
B*tch,
51%
game
51%
(Uh
51%
Uh
51%
uh
51%
choice
49%
down
49%
get
47%
hold
47%
ready?
47%
used
47%
your
47%
behave
44%
lights
42%
all
40%
huh)
40%
huh,
40%
huh
40%
leave
40%
up?
38%
'bout
36%
dangerous
36%
freak
36%
tonight
36%
(Tonight,
36%
off
31%
chains
29%
tied
29%
tongue
29%
Hey!
27%
ground
24%
No matching quizzes found
Score Distribution
Percent of People with Each Score
Percentile by Number Answered
Your Score History
You have not taken this quiz